Rūzah aur Ramaẓān : (Record no. 614448)

000 -LEADER
fixed length control field 01436nam a2200277 4500
040 ## - CATALOGING SOURCE
Transcribing agency NSHS
082 ## - DEWEY DECIMAL CLASSIFICATION NUMBER
Classification number 297.36
Author Mark MUR
245 1# - TITLE STATEMENT
Title Rūzah aur Ramaẓān :
Remainder of title akābir ʻulamāʼ kī taḥrīroṅ kā guldastah /
Statement of responsibility, etc. intikhāb K̲h̲urram Murād.
246 ## - VARYING FORM OF TITLE
Title proper/short title Ruzah aur Ramzan
246 ## - VARYING FORM OF TITLE
Title proper/short title Roza aur Ramzan
246 ## - VARYING FORM OF TITLE
Title proper/short title Rozah aur Ramzan
260 ## - PUBLICATION, DISTRIBUTION, ETC.
Place of publication, distribution, etc. Manshūrāt:
Name of publisher, distributor, etc. Multān;
Date of publication, distribution, etc. 2000
300 ## - PHYSICAL DESCRIPTION
Extent 82 pages
500 ## - GENERAL NOTE
General note DC010725
500 ## - GENERAL NOTE
General note Religion
520 ## - SUMMARY, ETC.
Summary, etc. "Rūzah aur Ramaẓān" (Fasting and Ramadan) is usually a book or booklet that explains the importance, rules, and spiritual benefits of fasting in the holy month of Ramadan. It highlights how fasting is more than just avoiding food and drink—it is about self-control, patience, kindness, and closeness to Allah. The book may also describe the daily routine of a fasting Muslim, common duas (prayers), and the significance of Laylat al-Qadr (The Night of Power). It serves as a guide for Muslims to understand how to make the most of this blessed month.
546 ## - LANGUAGE NOTE
Language note In Urdu
650 #0 - SUBJECT ADDED ENTRY--TOPICAL TERM
Topical term or geographic name entry element Fasting
General subdivision Religious aspects
-- Islam.
9 (RLIN) 130251
650 #0 - SUBJECT ADDED ENTRY--TOPICAL TERM
Topical term or geographic name entry element Ramadan
General subdivision Religious aspects
-- Islam.
9 (RLIN) 130252
650 #0 - SUBJECT ADDED ENTRY--TOPICAL TERM
Topical term or geographic name entry element Islam
General subdivision Doctrines.
9 (RLIN) 1634
650 #0 - SUBJECT ADDED ENTRY--TOPICAL TERM
Topical term or geographic name entry element Islamic sermons, Urdu.
9 (RLIN) 130253
650 #0 - SUBJECT ADDED ENTRY--TOPICAL TERM
Topical term or geographic name entry element Muslim scholars
General subdivision Islamic religious life.
9 (RLIN) 130254
700 1# - ADDED ENTRY--PERSONAL NAME
Personal name Murād, K̲h̲urram
9 (RLIN) 130255
942 ## - ADDED ENTRY ELEMENTS (KOHA)
Source of classification or shelving scheme
Koha item type Book
Holdings
Withdrawn status Lost status Source of classification or shelving scheme Damaged status Not for loan Permanent Location Current Location Date acquired Full call number Barcode Date last seen Price effective from Koha item type
          NUST School of Health Sciences (NSHS) NUST School of Health Sciences (NSHS) 07/22/2025 297.36 MUR NSHS-2028 07/22/2025 07/22/2025 Book
© 2023 Central Library, National University of Sciences and Technology. All Rights Reserved.